Loreto College Library, Kolkata
WEBOPAC (ONLINE PUBLIC ACCESS CATALOGUE)

On balance (Record no. 41683)

MARC details
000 -LEADER
fixed length control field 00545nam a2200205Ia 4500
005 - DATE AND TIME OF LATEST TRANSACTION
control field 20180714113111.0
008 - FIXED-LENGTH DATA ELEMENTS--GENERAL INFORMATION
fixed length control field 131103s9999 xx 000 0 und d
020 ## - ISBN | অাই এস বি এন
ISBN | অাই এস বি এন 9780143101390
PRICE Rs 525.00
040 ## - CATALOGING SOURCE
Original cataloging agency Loreto College
041 ## - LANGUAGE CODE
Language code English
082 ## - DDC | ডিউই
Classification number | বর্গসংখ্যা 920
Book Number | গ্রন্থাঙ্ক SET
100 ## - MAIN ENTRY--PERSONAL NAME | মুখ্য সংলেখ - ব্যাক্তিনাম
Personal name | ব্যাক্তিনাম Seth, Leila
245 ## - TITLE STATEMENT | অাখ্যা বিবরণী
Title | অাখ্যা On balance
Sub title | উপঅাখ্যা An autobiography
Statement of responsibility | লেখকের দায়িত্বের বিবরণ Leila Seth;foreword by Vikram Seth
260 ## - IMPRINT | প্রকাশনা ক্ষেত্র
Place of publication | প্রকাশ স্থান New Delhi
Name of publisher | প্রকাশকের নাম Penguin Books
Date of publication | প্রকাশ কাল 2007
300 ## - PHYSICAL DESCRIPTION |
Page / Vol. No | পৃষ্ঠা / খন্ড সংখ্যা xvi,478p
600 ## - SUBJECT ADDED ENTRY--PERSONAL NAME | বিষয় শিরোনাম - ব্যাক্তিনাম
Personal name | ব্যাক্তিনাম Seth, Leila,1930-
650 ## - SUBJECT ADDED ENTRY--TOPICAL TERM | বিষয় শিরোনাম - মূল বিষয়
Topical term | মূল বিষয় Autobiography
850 ## - HOLDING INSTITUTION
Holding institution LCLIB
942 ## - ADDED ENTRY ELEMENTS (KOHA)
Koha item type Books
Holdings
Withdrawn status Lost status Source of classification Damaged status Not for loan Home library Current library Date acquired Price Total Checkouts Full call number Accession No. Date last seen Price effective from Koha item type
    Dewey Decimal Classification     Loreto College Loreto College 14/07/2018 525.00   920 SET 52685 45601 14/07/2018 14/07/2018 Books
    Dewey Decimal Classification     Loreto College Loreto College 14/07/2018 525.00   920 SET 52686 45602 14/07/2018 14/07/2018 Books